Statistics for Countries that start with N

Click here to take the quiz!

General Stats

  • This quiz has been taken 74 times
  • The average score is 9 of 11

Answer Stats

HintAnswer% Correct
5New Zealand
92%
7Niger
92%
8Nigeria
92%
9North Korea
90%
2Nauru
83%
1Namibia
81%
6Nicaragua
81%
11Norway
81%
4Netherlands
78%
10North Macedonia
75%
3Nepal
71%

Score Distribution

Percentile by Number Answered

Percent of People with Each Score

Your Score History

You have not taken this quiz